Obščaja genetika /
Salvato in:
| Autore principale: | |
|---|---|
| Natura: | Libro |
| Pubblicazione: |
Moskva :
Nauka,
1986
|
| Edizione: | 3-je,per.i dopol. izd. |
| Tags: |
Nessun Tag, puoi essere il primo ad aggiungerne!!
|
MARC
| LEADER | 00000nam a22000003a 4500 | ||
|---|---|---|---|
| 001 | stu19621 | ||
| 005 | 20150617225753.3 | ||
| 008 | ------s1986----xxr---------------------d | ||
| 040 | |a STU |b slo | ||
| 041 | 0 | ||
| 044 | |a xxr | ||
| 080 | |a 575.11 | ||
| 100 | 1 | |a Dubinin, Nikolaj Petrovič |4 aut | |
| 245 | 1 | |a Obščaja genetika / |c [aut.]Dubinin,Nikolaj Petrovič | |
| 250 | |a 3-je,per.i dopol. izd. | ||
| 260 | |a Moskva : |b Nauka, |c 1986 | ||
| 300 | |a 559 s : |b Obr.,tab.,grafy,lit.,index | ||
| 996 | |b C78030 |c C*78030 |l CCV |s P |a 0 |w stu19621_0001 | ||